Modewarre (Record no. 6978)
[ view plain ]
| 000 -LEADER | |
|---|---|
| fixed length control field | 01036nam a2200277 a 4500 |
| 001 - CONTROL NUMBER | |
| control field | ebr10273714 |
| 003 - CONTROL NUMBER IDENTIFIER | |
| control field | CaPaEBR |
| 006 - FIXED-LENGTH DATA ELEMENTS--ADDITIONAL MATERIAL CHARACTERISTICS--GENERAL INFORMATION | |
| fixed length control field | m u |
| 007 - PHYSICAL DESCRIPTION FIXED FIELD--GENERAL INFORMATION | |
| fixed length control field | cr cn||||||||| |
| 008 - FIXED-LENGTH DATA ELEMENTS--GENERAL INFORMATION | |
| fixed length control field | 090320s2004 at s 000 1 eng d |
| 020 ## - INTERNATIONAL STANDARD BOOK NUMBER | |
| Cancelled/invalid ISBN | 9781876756505 |
| Cancelled/invalid ISBN | 9781742191348 |
| Cancelled/invalid ISBN | 1876756500 |
| 040 ## - CATALOGING SOURCE | |
| Original cataloging agency | CaPaEBR |
| Transcribing agency | CaPaEBR |
| 035 ## - SYSTEM CONTROL NUMBER | |
| System control number | (OCoLC)427507236 |
| 050 14 - LIBRARY OF CONGRESS CALL NUMBER | |
| Classification number | PR9619.3.S95 |
| Item number | M63 2004eb |
| 100 1# - MAIN ENTRY--PERSONAL NAME | |
| Personal name | Sykes, Patricia, |
| Dates associated with a name | 1941- |
| 245 10 - TITLE STATEMENT | |
| Title | Modewarre |
| Medium | [electronic resource] : |
| Remainder of title | home ground / |
| Statement of responsibility, etc | Patricia Sykes. |
| 260 ## - PUBLICATION, DISTRIBUTION, ETC. (IMPRINT) | |
| Place of publication, distribution, etc | North Melbourne, Vic. : |
| Name of publisher, distributor, etc | Spinifex Press, |
| Date of publication, distribution, etc | 2004. |
| 300 ## - PHYSICAL DESCRIPTION | |
| Extent | ix, 90 p. |
| 533 ## - REPRODUCTION NOTE | |
| Type of reproduction | Electronic reproduction. |
| Place of reproduction | Palo Alto, Calif. : |
| Agency responsible for reproduction | ebrary, |
| Date of reproduction | 2009. |
| Note about reproduction | Available via World Wide Web. |
| -- | Access may be limited to ebrary affiliated libraries. |
| 650 #0 - SUBJECT ADDED ENTRY--TOPICAL TERM | |
| Topical term or geographic name as entry element | Australian poetry |
| Chronological subdivision | 21st century. |
| 655 #7 - INDEX TERM--GENRE/FORM | |
| Genre/form data or focus term | Electronic books. |
| Source of term | local |
| 710 2# - ADDED ENTRY--CORPORATE NAME | |
| Corporate name or jurisdiction name as entry element | ebrary, Inc. |
| 856 40 - ELECTRONIC LOCATION AND ACCESS | |
| Uniform Resource Identifier | <a href="http://site.ebrary.com/lib/rucke/Doc?id=10273714">http://site.ebrary.com/lib/rucke/Doc?id=10273714</a> |
| Public note | An electronic book accessible through the World Wide Web; click to view |
No items available.
